| 000 | 01029nas a2200325 4500 | ||
|---|---|---|---|
| 001 | BR2020000118 | ||
| 003 | BR-BrBNA | ||
| 005 | 20231205132035.0 | ||
| 007 | ta | ||
| 008 | 230509b bl.|||p| |||| 00| 00por d | ||
| 040 |
_aBR-BrBNA _bpor _cBiblioteca Nacional de Agricultura |
||
| 041 | _a(En) | ||
| 072 | _aJ11 | ||
| 100 | 1 | _aSouza, A.G. de | |
| 100 | 1 | _aAmarante, C.V.T. do | |
| 100 | 1 | _aSteffens, C.A. | |
| 100 | 1 | _aBenincá, T.D.T. | |
| 100 | 1 | _aPadilha, M. | |
| 245 | 1 | _aPostharvest quality of feijoa flowers treated with different preservative solutions and 1- methylcyclopropene | |
| 650 | _aGOIABA SERRANA | ||
| 650 | _aFLOR | ||
| 650 | _aPÓS-COLHEITA | ||
| 650 | _aARMAZENAMENTO | ||
| 650 | _aCONSERVAÇÃO | ||
| 650 | _aQUALIDADE | ||
| 773 | 0 |
_tRevista Brasileira de Fruticultura (Brazil _xISSN 1806-9967 _g(2016), v. 38(4) p. 1-10 _wBR2020000118 |
|
| 856 | 4 | 0 | _uhttp://www.scielo.br/pdf/rbf/v38n4/0100-2945-rbf-38-4-e-759.pdf |
| 909 |
_a202311 _bLúcia _c55 _dLúcia Elande |
||
| 942 |
_2AGRIS _n0 _cANA |
||
| 999 |
_c258134 _d258134 |
||